Conceptual review of preventive & social medicine (PSM) exclusive section on epidemiology, research methodology & biostatistics

Salvato in:
Dettagli Bibliografici
Autore principale: SINGH, Mukhmohit
Natura: Libro
Lingua:inglese
Pubblicazione: CBS Publishers 2018
Tags: Aggiungi Tag
Nessun Tag, puoi essere il primo ad aggiungerne!!

MARC

LEADER 00000nam a22000007a 4500
008 231023b |||||||| |||| 00| 0 eng d
020 |a 978938872584 
100 |a SINGH, Mukhmohit 
245 |a Conceptual review of preventive & social medicine (PSM)  |b exclusive section on epidemiology, research methodology & biostatistics  |g xxxv,807;ill 
250 |b 2nd 
260 |b CBS Publishers  |c 2018  |h New Delhi  |i 700412  |i 700413  |l RA425.Si6  |m Medicine, Preventive  |m Social medicine 
942 |a lcc  |c BK  |e Johnson  |f 23/10/23 
952 |0 0  |1 0  |2 lcc  |4 0  |6 RA0425 S I6  |7 0  |9 4600  |a HE  |b HOL  |c QZ  |d 2023-10-23  |l 0  |o RA425.Si6  |p 2023-0519  |r 2023-10-23 00:00:00  |t 700412  |w 2023-10-23  |y BK 
952 |0 0  |1 0  |2 lcc  |4 0  |6 RA0425 S I6  |7 0  |9 4601  |a HOL  |b HOL  |c QZ  |d 2023-10-23  |l 0  |o RA425.Si6  |p 2023-0520  |r 2023-10-23 00:00:00  |t 700413  |w 2023-10-23  |y BK 
999 |c 2305  |d 2305